Comparison of different fertilizer on yard long bean at crop station of royal university of agriculture, (ប្រៀបធៀបជីផ្សេងៗគ្នាលើដំណាំសណ្ដែកកួរ នៅក្នុងស្ថានីយ៍ពិសោធន៍ដំណាំ នៃសាកលវិទ្យាល័យភូមិន្ទកសិកម្ម) (Record no. 1390)
[ view plain ]
| 000 -LEADER | |
|---|---|
| fixed length control field | 00733nam a22001577a 4500 |
| 003 - CONTROL NUMBER IDENTIFIER | |
| control field | OSt |
| 005 - DATE AND TIME OF LATEST TRANSACTION | |
| control field | 20150928105252.0 |
| 008 - FIXED-LENGTH DATA ELEMENTS--GENERAL INFORMATION | |
| fixed length control field | 150928b xxu||||| |||| 00| 0 eng d |
| 040 ## - CATALOGING SOURCE | |
| Transcribing agency | RUA |
| 082 ## - DEWEY DECIMAL CLASSIFICATION NUMBER | |
| Classification number | AGR LY 2013 B056 Or.1 |
| 100 ## - MAIN ENTRY--PERSONAL NAME | |
| 9 (RLIN) | 1479 |
| Personal name | LY TYTY |
| 245 ## - TITLE STATEMENT | |
| Title | Comparison of different fertilizer on yard long bean at crop station of royal university of agriculture, (ប្រៀបធៀបជីផ្សេងៗគ្នាលើដំណាំសណ្ដែកកួរ នៅក្នុងស្ថានីយ៍ពិសោធន៍ដំណាំ នៃសាកលវិទ្យាល័យភូមិន្ទកសិកម្ម) |
| 260 ## - PUBLICATION, DISTRIBUTION, ETC. (IMPRINT) | |
| Place of publication, distribution, etc. | phnom penh |
| Name of publisher, distributor, etc. | RUA |
| Date of publication, distribution, etc. | 2013 |
| 300 ## - PHYSICAL DESCRIPTION | |
| Extent | ix, 43p. |
| 942 ## - ADDED ENTRY ELEMENTS (KOHA) | |
| Source of classification or shelving scheme | |
| Koha item type | AGR |
| Price effective from | Date last seen | Permanent Location | Not for loan | Date acquired | Source of classification or shelving scheme | Koha item type | Lost status | Withdrawn status | Date last checked out | Total Checkouts | Shelving location | Damaged status | Barcode | Current Location | Full call number |
|---|---|---|---|---|---|---|---|---|---|---|---|---|---|---|---|
| 2015-09-28 | 2018-01-15 | Library Block B | 2015-09-28 | AGR | 2017-02-15 | 1 | B056 | RUA006748 | Library Block B | AGR LY 2013 B056 Or.1 | |||||
| 2015-09-28 | 2015-09-28 | Library Block B | 2015-09-28 | AGR | B056 | RUA(06271 | Library Block B | AGR LY 2013 B056 Or.2 | |||||||
| 2015-09-28 | 2015-09-28 | Library Block B | 2015-09-28 | AGR | B056 | RUA004703 | Library Block B | AGR LY 2013 B056 Or.3 | |||||||
| 2015-09-28 | 2018-11-07 | Library Block B | 2015-09-28 | AGR | 2018-10-26 | 2 | B056 | RUA005536 | Library Block B | AGR LY 2013 B056 Or.4 | |||||
| 2015-09-28 | 2015-09-28 | Library Block B | 2015-09-28 | AGR | B056 | RUA004616 | Library Block B | AGR LY 2013 B056 Or.5 | |||||||
| 2015-09-28 | 2015-09-28 | Library Block B | 2015-09-28 | AGR | B056 | RUA005619 | Library Block B | AGR LY 2013 B056 Or.6 | |||||||
| 2015-09-28 | 2016-10-28 | Library Block B | 2015-09-28 | AGR | 2016-10-11 | 1 | B056 | RUA004982 | Library Block B | AGR LY 2013 B056 Or.7 | |||||
| 2015-09-28 | 2015-09-28 | Library Block B | 2015-09-28 | AGR | B056 | RUA006149 | Library Block B | AGR LY 2013 B056 Or.8 | |||||||
| 2018-12-19 | 2019-08-28 | Library Block B | 2018-12-19 | AGR | 2019-07-12 | 2 | B1.194 | A42006 | Library Block B | AGR LY 2013 B1.194 Or.1 | |||||
| 2018-12-19 | 2022-08-05 | Library Block B | 2018-12-19 | AGR | 2022-07-20 | 2 | B1.194 | A41376 | Library Block B | AGR LY 2013 B1.194 Or.2 |